000 00475nmm a2200157Ia 4500
008 251105s9999||||xx |||||||||||||||||und||
020 _a9788417977429
041 _aspa
100 _aPetterson, Per
245 0 _aHombres en mi situación
264 _a[Madrid, España] :
_bLibros del asteroide,
_c[Fecha de publicación no identificada]
300 _a304 páginas
650 _aOther narratives
856 _uhttps://public.digitaliapublishing.com/a/99822
942 _cCF
999 _c79377
_d79377